Statistics for Biggest Contracts in MLB History

Click here to take the quiz!

General Stats

  • This quiz has been taken 20 times
  • The average score is 21 of 25

Answer Stats

TeamAmountYearsYear SignedPlayer% Correct
Yankees$360 Million92022Aaron Judge
100%
Phillies$330 Million132019Bryce Harper
100%
Padres$340 Million142021Fernando Tatis Jr.
100%
Marlins$325 Million132014Giancarlo Stanton
100%
Padres$350 Million112023Manny Machado
100%
Tigers$248 Million82014MIguel Cabrera
100%
Angles$426 Million122019Mike Trout
100%
Dodgers$365 Million122020Mookie Betts
100%
Mets$341 Million102021Francisco Lindor
93%
Yankees$324 Million92019Gerrit Cole
93%
Phillies$300 Million112022Trea Turner
93%
Dodgers$215 Million72014Clayton Kershaw
87%
Rangers$325 Million102021Corey Seager
87%
Padres$280 Million112022Xander Bogaerts
87%
Rangers$252 Million102000Alex Rodriguez
80%
Yankees$275 Million102007Alex Rodriguez
80%
Angels$245 Million72019Anthony Rendon
80%
Reds$225 Million102014Joey Votto
80%
Rockies$260 Million82019Nolan Arenado
80%
Red Sox$313.5 Million102023Rafael Devers
73%
Nationals$245 Million72019Stephen Strasburg
73%
Angels$240 Million102011Albert Pujols
60%
Tigers$214 Million92012Prince Fielder
47%
Mariners$240 Million102013Robinson Cano
40%
Red Sox$217 Million72016David Price
27%

Score Distribution

Percentile by Number Answered

Percent of People with Each Score

Your Score History

You have not taken this quiz